| 000 | 00000nam##2200000za#4500 |
| 001 | 9.646209 |
| 003 | CaOODSP |
| 005 | 20230202144024 |
| 007 | ta |
| 008 | 150407|1996||||xxc||||| f|0| 0 eng|d |
| 020 | |a0-662-24486-9 |
| 040 | |aCaOODSP|beng |
| 043 | |an-cn--- |
| 086 | 1 |aH72-21/145-1996E |
| 110 | 2 |aNational Clearinghouse on Family Violence (Canada). |
| 245 | 10|aViolence: you can make a difference / |cIssued jointly by the Canadian Association of Broadcasters, Canadian Heritage, Health Canada, Department of Justice, Status of Women. Human Resources Development, National Defence, Royal Canadian Mounted Police. |
| 260 | |aOttawa - Ontario : |bHealth Canada. |c1996. |
| 300 | |a22p. : |breferences ; |c28 cm. + |e2 folders and 8 sheets. |
| 500 | |aLogo on cover: Private Broadcasters On-Air for Canada. |
| 590 | |a96-19|b1996-05-10 |
| 690 | 07|aFamily violence|2gcpds |
| 775 | 08|tLa violence à vous de réagir / |w(CaOODSP)9.679781 |
| 776 | 0#|tViolence : |w(CaOODSP)9.695705 |